[Event "Goch op 25th"]
[Site "Goch"]
[Date "2014.09.07"]
[Round "7"]
[White "Frericks, Harald"]
[Black "Heinert, Eugen"]
[Result "1-0"]
[WhiteElo "2259"]
[BlackElo "2161"]
[PlyCount "55"]
[EventDate "2014.09.04"]
[EventType "swiss"]
[EventRounds "7"]
[EventCountry "GER"]
[SourceTitle "EXT 2016"]
[Source "ChessBase"]
[SourceDate "2015.10.08"]
[SourceVersion "1"]
[SourceVersionDate "2015.10.08"]
[SourceQuality "1"]

1. e4 e6 2. d4 d5 3. e5 c5 4. c3 Bd7 5. Nf3 Qb6 6. a3 Bb5 7. c4 Bxc4 8. Bxc4 dxc4 9. d5 Ne7 10. d6 Nec6 11. Nbd2 Na5 12. Qa4+ Nbc6 13. 0-0 h6 14. Re1 g5 15. Re4 f5 16. exf6 Bxd6 17. Rxe6+ Kd7 18. Nxc4 Nxc4 19. Qxc4 Rae8 20. Rxe8 Rxe8 21. Qf7+ Kd8 22. Be3 Qxb2 23. Rd1 Nd4 24. Qd5 Kc7 25. Bxd4 cxd4 26. Nxd4 Kc8 27. Qxd6 Qd2 28. Ne6 1-0

[Event "GER-ch41 final email"]
[Site "GER email"]
[Date "2012.03.10"]
[Round "?"]
[White "Frericks, Harald"]
[Black "Steinke, Ruediger"]
[Result "1/2-1/2"]
[WhiteElo "2336"]
[BlackElo "2238"]
[PlyCount "27"]
[EventDate "2011.09.12"]
[EventType "tourn (corr)"]
[EventRounds "19"]
[EventCountry "GER"]
[SourceTitle "Corr 2015"]
[Source "ChessBase"]
[SourceDate "2015.07.17"]
[SourceVersion "1"]
[SourceVersionDate "2015.07.17"]
[SourceQuality "1"]

1. e4 e5 2. Nf3 Nc6 3. d4 exd4 4. Nxd4 Bc5 5. Nxc6 Qf6 6. Qf3 bxc6 7. Nd2 d6 8. Nb3 Bb6 9. a4 a5 10. Bd2 Qxf3 11. gxf3 Ne7 12. Be3 Bxe3 13. fxe3 f5 14. Rg1 1/2-1/2

[Event "Goch op 22nd"]
[Site "Goch"]
[Date "2011.10.02"]
[Round "6"]
[White "Frericks, Harald"]
[Black "Gross, Karl"]
[Result "1/2-1/2"]
[WhiteElo "2283"]
[BlackElo "2103"]
[PlyCount "31"]
[EventDate "2011.09.29"]
[EventType "swiss"]
[EventRounds "7"]
[EventCountry "GER"]
[SourceTitle "EXT 2014"]
[Source "ChessBase"]
[SourceDate "2013.11.20"]
[SourceVersion "1"]
[SourceVersionDate "2013.11.20"]
[SourceQuality "1"]

1. e4 c6 2. d4 d5 3. e5 c5 4. dxc5 e6 5. Be3 Qc7 6. Nf3 Bxc5 7. Bxc5 Qxc5 8. Nc3 a6 9. Bd3 Nc6 10. Qd2 h6 11. 0-0 Nge7 12. a3 Bd7 13. Rad1 Nd4 14. Nxd4 Qxd4 15. Qe2 Qb6 16. b4 1/2-1/2

[Event "Goch op 22nd"]
[Site "Goch"]
[Date "2011.09.30"]
[Round "2"]
[White "Weber, Rolf"]
[Black "Frericks, Harald"]
[Result "1/2-1/2"]
[WhiteElo "2019"]
[BlackElo "2283"]
[PlyCount "41"]
[EventDate "2011.09.29"]
[EventType "swiss"]
[EventRounds "7"]
[EventCountry "GER"]
[SourceTitle "EXT 2014"]
[Source "ChessBase"]
[SourceDate "2013.11.20"]
[SourceVersion "1"]
[SourceVersionDate "2013.11.20"]
[SourceQuality "1"]

1. e4 e5 2. Nc3 Nf6 3. Bc4 Bc5 4. Nge2 Nc6 5. d3 h6 6. 0-0 d6 7. Na4 a6 8. Nxc5 dxc5 9. Be3 Qd6 10. f3 0-0 11. Qe1 Nd4 12. Qf2 b6 13. Ng3 Be6 14. c3 Nc6 15. Rad1 Rfd8 16. Rd2 Bxc4 17. dxc4 Qe6 18. b3 Rxd2 19. Qxd2 Rd8 20. Qe2 Qd7 21. Rc1 1/2-1/2

[Event "GER-ch41 final email"]
[Site "GER email"]
[Date "2011.09.10"]
[Round "?"]
[White "Frericks, Harald"]
[Black "Adelseck, Herbert"]
[Result "1/2-1/2"]
[WhiteElo "2336"]
[BlackElo "2285"]
[PlyCount "60"]
[EventDate "2011.09.12"]
[EventType "tourn (corr)"]
[EventRounds "19"]
[EventCountry "GER"]
[SourceTitle "Corr 2015"]
[Source "ChessBase"]
[SourceDate "2015.07.17"]
[SourceVersion "1"]
[SourceVersionDate "2015.07.17"]
[SourceQuality "1"]

1. e4 c5 2. c3 Nf6 3. e5 Nd5 4. Nf3 Nc6 5. d4 cxd4 6. cxd4 d6 7. Bc4 Nb6 8. Bb5 dxe5 9. Nxe5 Bd7 10. Nxd7 Qxd7 11. Nc3 e6 12. 0-0 Rc8 13. Be3 a6 14. Be2 Nb4 15. Qb3 Be7 16. Bg5 0-0 17. Bxe7 Qxe7 18. Rac1 g6 19. a3 N4d5 20. Ne4 Rfd8 21. Bf3 Rxc1 22. Rxc1 Nc8 23. Nc5 Nd6 24. Bxd5 Qg5 25. Re1 exd5 26. Qb6 Ne4 27. Nxe4 dxe4 28. Qxb7 Qd2 29. Qxe4 Qxb2 30. Qd3 Qxd4 1/2-1/2

[Event "GER-ch41 final email"]
[Site "GER email"]
[Date "2011.09.10"]
[Round "?"]
[White "Frericks, Harald"]
[Black "Zejewski, Paul"]
[Result "1-0"]
[WhiteElo "2336"]
[BlackElo "2199"]
[PlyCount "61"]
[EventDate "2011.09.12"]
[EventType "tourn (corr)"]
[EventRounds "19"]
[EventCountry "GER"]
[SourceTitle "Corr 2015"]
[Source "ChessBase"]
[SourceDate "2015.07.17"]
[SourceVersion "1"]
[SourceVersionDate "2015.07.17"]
[SourceQuality "1"]

1. e4 e6 2. d4 d5 3. e5 c5 4. c3 Nc6 5. Nf3 Qb6 6. Be2 cxd4 7. cxd4 Nge7 8. Na3 Nf5 9. Nc2 Bd7 10. 0-0 a5 11. a4 h6 12. Bb5 Be7 13. Bd2 Rc8 14. Bc3 0-0 15. Qd2 Ra8 16. Kh1 Bd8 17. g4 Nfe7 18. Nh4 Nb8 19. Bd3 Nec6 20. Nf5 exf5 21. gxf5 Ne7 22. f6 Ng6 23. f4 Bxf6 24. exf6 Qxf6 25. f5 Ne7 26. Rf3 g5 27. Rg1 Re8 28. h4 g4 29. Rxg4+ Kh8 30. Ne3 Ra6 31. Rg5 1-0

[Event "Goch op 21st"]
[Site "Goch"]
[Date "2010.10.03"]
[Round "6"]
[White "Frericks, Harald"]
[Black "Glinzk, Michael"]
[Result "1-0"]
[WhiteElo "2288"]
[BlackElo "2012"]
[PlyCount "41"]
[EventDate "2010.09.30"]
[EventType "swiss"]
[EventRounds "7"]
[EventCountry "GER"]
[SourceTitle "EXT 2012"]
[Source "ChessBase"]
[SourceDate "2011.11.24"]
[SourceVersion "1"]
[SourceVersionDate "2011.11.24"]
[SourceQuality "1"]

1. e4 c5 2. Nf3 e6 3. c3 d5 4. e5 d4 5. Na3 Nc6 6. Bd3 Nge7 7. 0-0 Ng6 8. Re1 Be7 9. g3 a6 10. h4 Qc7 11. Qe2 Bd7 12. h5 Nf8 13. cxd4 cxd4 14. Nc2 Bc5 15. a3 0-0-0 16. b4 Ba7 17. a4 Kb8 18. b5 axb5 19. axb5 Ne7 20. Ba3 Nd5 21. Bd6 1-0

[Event "Goch op 20th"]
[Site "Goch"]
[Date "2009.10.03"]
[Round "4"]
[White "Frericks, Harald"]
[Black "Vasiljev, Jurij"]
[Result "1-0"]
[WhiteElo "2284"]
[BlackElo "2127"]
[PlyCount "75"]
[EventDate "2009.10.01"]
[EventType "swiss"]
[EventRounds "7"]
[EventCountry "GER"]
[SourceTitle "EXT 2011"]
[Source "ChessBase"]
[SourceDate "2010.11.26"]
[SourceVersion "1"]
[SourceVersionDate "2010.11.26"]
[SourceQuality "1"]

1. e4 c5 2. c3 Nf6 3. e5 Nd5 4. Nf3 e6 5. d4 cxd4 6. cxd4 d6 7. Bc4 Nb6 8. Bd3 Nc6 9. 0-0 Be7 10. a3 0-0 11. Nc3 f6 12. Qc2 f5 13. exd6 Bxd6 14. Bg5 Nxd4 15. Nxd4 Qxg5 16. Ncb5 Bb8 17. Rae1 a6 18. Nxe6 Qh6 19. Nbc7 Bxe6 20. Rxe6 Qf4 21. Rxb6 Bxc7 22. g3 Qe5 23. Rxb7 Bd6 24. Rd1 f4 25. Bxh7+ Kh8 26. Qe4 fxg3 27. hxg3 Qc5 28. Qc2 Qe5 29. Qe4 Qc5 30. Qc2 Qe5 31. b4 Rae8 32. Bg6 Re6 33. Rf7 Rf6 34. Rxf8+ Rxf8 35. f4 Qe3+ 36. Qf2 Bxf4 37. gxf4 Qh3 38. Qh2 1-0

[Event "Goch op 20th"]
[Site "Goch"]
[Date "2009.10.03"]
[Round "5"]
[White "Heinert, Eugen"]
[Black "Frericks, Harald"]
[Result "1/2-1/2"]
[WhiteElo "2134"]
[BlackElo "2284"]
[PlyCount "22"]
[EventDate "2009.10.01"]
[EventType "swiss"]
[EventRounds "7"]
[EventCountry "GER"]
[SourceTitle "EXT 2011"]
[Source "ChessBase"]
[SourceDate "2010.11.26"]
[SourceVersion "1"]
[SourceVersionDate "2010.11.26"]
[SourceQuality "1"]

1. d4 Nf6 2. Nf3 e6 3. c4 b6 4. g3 Bb7 5. Bg2 Be7 6. 0-0 0-0 7. Re1 d6 8. Nc3 Ne4 9. Qc2 f5 10. d5 Nxc3 11. Qxc3 e5 1/2-1/2

[Event "GER-ch37 V3 email"]
[Site "GER email"]
[Date "2007.??.??"]
[Round "?"]
[White "Frericks, Harald"]
[Black "Achilles, Edgar"]
[Result "1-0"]
[WhiteElo "2334"]
[BlackElo "2116"]
[PlyCount "69"]
[EventDate "2007.??.??"]
[EventType "tourn (corr)"]
[EventRounds "10"]
[EventCountry "GER"]
[SourceTitle "Corr 2008"]
[Source "ChessBase"]
[SourceDate "2008.06.24"]
[SourceVersion "1"]
[SourceVersionDate "2008.06.24"]
[SourceQuality "1"]

1. e4 c5 2. c3 d5 3. exd5 Qxd5 4. d4 Nf6 5. Nf3 Bg4 6. dxc5 Qxd1+ 7. Kxd1 e5 8. b4 e4 9. h3 Bh5 10. g4 Nxg4 11. hxg4 Bxg4 12. Nbd2 exf3 13. Bd3 Nc6 14. Re1+ Be7 15. Be4 Kf8 16. Nc4 h5 17. Kc2 Re8 18. b5 Nd8 19. Be3 Bf6 20. Nd6 Re7 21. a4 Be5 22. Nc4 Bb8 23. Rad1 Ne6 24. Na5 h4 25. Bxb7 h3 26. Bc8 f5 27. Bxe6 Rxe6 28. Rd8+ Re8 29. Rxe8+ Kxe8 30. Nc6 Kf7 31. Nxb8 Re8 32. Rh1 Rxb8 33. Bf4 Rg8 34. b6 Ke7 35. b7 1-0

[Event "GER-ch37 V3 email"]
[Site "GER email"]
[Date "2007.??.??"]
[Round "?"]
[White "Just, Joachim"]
[Black "Frericks, Harald"]
[Result "0-1"]
[WhiteElo "2051"]
[BlackElo "2334"]
[PlyCount "94"]
[EventDate "2007.??.??"]
[EventType "tourn (corr)"]
[EventRounds "10"]
[EventCountry "GER"]
[SourceTitle "Corr 2008"]
[Source "ChessBase"]
[SourceDate "2008.06.24"]
[SourceVersion "1"]
[SourceVersionDate "2008.06.24"]
[SourceQuality "1"]

1. d4 Nf6 2. Nf3 e6 3. c4 b6 4. a3 Bb7 5. Nc3 d5 6. Bg5 Be7 7. e3 0-0 8. Rc1 Nbd7 9. cxd5 exd5 10. Bd3 c5 11. dxc5 bxc5 12. 0-0 h6 13. Bh4 Ne4 14. Qb3 Nb6 15. Bxe7 Qxe7 16. Qb5 Rfd8 17. Rfd1 Rab8 18. Bxe4 dxe4 19. Ne1 Rdc8 20. Qe2 Qe6 21. Qh5 a5 22. Ne2 Na4 23. Rd2 Bc6 24. Rcc2 Rd8 25. Nf4 Qf6 26. Rxd8+ Qxd8 27. h4 Qd6 28. Qe2 Bb5 29. Qg4 g6 30. Nh5 Qe5 31. Nf4 Be8 32. Qd1 Nxb2 33. Qd2 Ba4 34. Rc1 c4 35. Ne2 Nd3 36. Rxc4 Rb1 37. Nc1 Qe6 38. Rc7 Bc6 39. Ncxd3 exd3 40. h5 Bxg2 41. Kxg2 Qg4+ 42. Kf1 Qxh5 43. Kg2 Qg4+ 44. Kh2 Rb5 45. Ng2 Qh5+ 46. Kg1 Rb1+ 47. Ne1 Qd1 0-1

[Event "Goch op 16th"]
[Site "Goch"]
[Date "2005.10.03"]
[Round "7"]
[White "Frericks, Harald"]
[Black "Dehn, Marcus"]
[Result "1-0"]
[WhiteElo "2256"]
[BlackElo "2144"]
[PlyCount "81"]
[EventDate "2005.09.30"]
[EventType "swiss"]
[EventRounds "7"]
[EventCountry "GER"]
[SourceTitle "EXT 2007"]
[Source "ChessBase"]
[SourceDate "2006.11.23"]
[SourceVersion "1"]
[SourceVersionDate "2006.11.23"]
[SourceQuality "1"]

1. e4 b6 2. d4 Bb7 3. Bd3 Nc6 4. Nf3 e6 5. 0-0 Nb4 6. Nc3 Nxd3 7. cxd3 Be7 8. Bf4 d6 9. Rc1 a6 10. e5 Nh6 11. Bxh6 gxh6 12. Ne4 Rg8 13. Qd2 Rg6 14. Qf4 h5 15. Rc2 h4 16. h3 d5 17. Nf6+ Bxf6 18. exf6 Rxf6 19. Qxh4 Rxf3 20. Qxd8+ Kxd8 21. gxf3 Kd7 22. Kh2 Rg8 23. Rg1 Rg6 24. Rxg6 hxg6 25. Kg3 a5 26. Kf4 Ba6 27. Rc3 f6 28. Ke3 Bb5 29. Rc1 Kd6 30. Rg1 Be8 31. Rg4 Ke7 32. Rh4 Bf7 33. Rh8 Be8 34. f4 Kd7 35. Rh7+ Kd6 36. Rg7 Kc6 37. Kd2 Kd6 38. Kc3 b5 39. a3 a4 40. Kb4 c6 41. h4 1-0

[Event "Goch op 16th"]
[Site "Goch"]
[Date "2005.10.02"]
[Round "5"]
[White "Frericks, Harald"]
[Black "Thomas, Ingo"]
[Result "1/2-1/2"]
[WhiteElo "2256"]
[BlackElo "2153"]
[PlyCount "27"]
[EventDate "2005.09.30"]
[EventType "swiss"]
[EventRounds "7"]
[EventCountry "GER"]
[SourceTitle "EXT 2007"]
[Source "ChessBase"]
[SourceDate "2006.11.23"]
[SourceVersion "1"]
[SourceVersionDate "2006.11.23"]
[SourceQuality "1"]

1. e4 Nc6 2. d4 d5 3. exd5 Qxd5 4. Nf3 Bg4 5. Be2 0-0-0 6. Be3 e5 7. Nc3 Qa5 8. Nxe5 Bxe2 9. Qxe2 Nxe5 10. dxe5 Qxe5 11. Nb5 Bc5 12. Bxc5 Qxc5 13. 0-0 Nf6 14. Rad1 1/2-1/2

[Event "Goch op 15th"]
[Site "Goch"]
[Date "2004.10.02"]
[Round "4"]
[White "Frericks, Harald"]
[Black "Bock, Juergen"]
[Result "1-0"]
[WhiteElo "2051"]
[BlackElo "2244"]
[PlyCount "116"]
[EventDate "2004.09.30"]
[EventType "swiss"]
[EventRounds "7"]
[EventCountry "GER"]
[SourceTitle "EXT 2006"]
[Source "ChessBase"]
[SourceDate "2005.11.24"]
[SourceVersion "1"]
[SourceVersionDate "2005.11.24"]
[SourceQuality "1"]

1. e4 e6 2. d4 d5 3. Nd2 Nf6 4. e5 Nfd7 5. Ngf3 c5 6. c3 Nc6 7. Bd3 cxd4 8. cxd4 Qb6 9. 0-0 Nxd4 10. Nxd4 Qxd4 11. Nf3 Qb6 12. Qa4 Qb4 13. Qc2 Qc5 14. Qe2 Qb6 15. Be3 Bc5 16. Bd2 a5 17. a3 a4 18. Rfc1 h6 19. Rc2 0-0 20. Rac1 Re8 21. Bb5 Bf8 22. Be3 Qa5 23. h3 Rd8 24. Rxc8 Raxc8 25. Rxc8 Rxc8 26. Bxd7 Rc4 27. Nd4 Rc7 28. Bb5 Bc5 29. b4 axb3 30. Nxb3 Qxa3 31. Nxc5 Rxc5 32. Bxc5 Qxc5 33. Kh2 Kf8 34. Bd3 g5 35. h4 Qd4 36. hxg5 hxg5 37. Qe3 Qh4+ 38. Kg1 Kg7 39. g3 Qh6 40. Kg2 f6 41. Qd4 Kf7 42. Qb2 fxe5 43. Qxe5 Qf6 44. Qc7+ Qe7 45. Qxe7+ Kxe7 46. Kf3 Kf6 47. Ke3 e5 48. f3 Ke6 49. Kd2 Kd6 50. Kc3 Kc5 51. g4 b5 52. Bc2 b4+ 53. Kb3 Kd4 54. Kxb4 Ke3 55. Bd1 e4 56. fxe4 Kxe4 57. Kc5 Ke5 58. Be2 Ke4 1-0